000 00370 a2200157 4500
001 171279
020 _a
040 _cMagnum
100 _aSouza, Joanita
240 1 0 _aBrincando com a historia e a geografia - v.4
_lpor
245 1 0 _aBrincando com a historia e a geografia - v.4
362 0 _a1899
440 1 _aDo Brasil
697 _aPARADIDATICO
942 _cBK
999 _c171279
_d171279